|
|
|
|
| LEADER |
00000nab a2200000uu 4500 |
| 001 |
vtls011484999 |
| 003 |
SK-MaSNL |
| 005 |
20260303155550.0 |
| 008 |
230222|1961 xo |||||||||||||||||slo| |
| 015 |
|
|
|a SNBRB
|
| 035 |
|
|
|a (urnnbn)urn:nbn:sk:snk:ar-00782o
|
| 035 |
|
|
|a (uuid)d61e6011-a35c-439d-a897-6a9b8f25f903
|
| 035 |
|
|
|a urn:nbn:sk:snk-abdbgx
|
| 040 |
|
|
|a SNKBUCL
|b slo
|c SNKBUCL
|e AACR2
|
| 041 |
0 |
|
|a slo
|
| 044 |
|
|
|a xo
|c SK
|
| 100 |
1 |
|
|a Molčan, Teodor
|4 aut
|9 269536
|
| 245 |
1 |
0 |
|a Využívať formy politickovýchovnej činnosti sudcov a sudcov z ľudu na upevňovanie socialistickej zákonnosti a na propagáciu práva
|c T. Molčan
|
| 773 |
0 |
|
|t Socialistické súdnictvo : časopis pre právnu prax
|g Roč. 13, č. 1 (1961), s. 4-10
|
| 954 |
|
|
|a odborná, vedecká literatúra pôvodná (slovenská)
|2 lita
|
| 958 |
|
|
|a OND
|
| 958 |
|
|
|a EUIPO
|
| 958 |
|
|
|a article18
|
| 999 |
|
|
|c 2040921
|d 2042851
|